000 00618nam a2200181 a 4500
001 000034143
005 20200930070818.0
008 110926s1973 ag 000 0 spa d
040 _aDO-SdBNP
_bspa
_cBNPHU
100 1 _aTournier, Paul
_959562
245 1 0 _aConfidencias de un médico /
_cPaul Tournier ; versión castellana de Federico A. P. Mariotti.
260 _aArgentina :
_bCasa Bautista de Publicaciones,
_c1973.
300 _a87 p. ;
_c19 cm.
490 1 _aBiblioteca de libros condensados
700 1 _aP. Mariotti, Federico A.
_959563
830 0 _aBiblioteca de libros condensados
_959493
049 _aBNPD
999 _c33634
_d33634